000
00215 a2200085 4500
020
_a
9781621452270
041
_a
eng
245
_a
Quotable quotes : all new wit & wisdom from the greatest minds of our time
942
_c
BK
999
_c
31061
_d
31059